01314cam a2200289 a 4500001000500000005001700005020004100022020003800063040005000101050002000151082001500171100002100186245006400207250004400271260005600315300006200371505000700433520034800440521001800788521001700806650004200823650004300865650004700908650002100955650002200976650002600998274620240112100527.0 a9781416949008 (reinforced) :c$24.99 a1416949003 (reinforced) :c$24.99 aDLCcDLCdBTCTAdOCOdTEFdVP@dYBMdDLCbeng00aE61b.M267 200900a970.012221 aMann, Charles C.10aBefore Columbus :bthe Americas of 1491 /cCharles C. Mann. aFirst Scholastic printing, October 2010 aNew York :bAtheneum Books for Young Readers,c2009 a116 pages :bcolor illustrations ; color maps ;c23x23 cm0 aZ  aThis study of Native American societies is adapted for younger readers from Charles C. Mann's best-selling 1491. Turning conventional wisdom on its head, the book argues that the people of North and South America lived in enormous cities, raised pyramids hundreds of years before the Egyptians did, engineered corn, and farmed the rainforests.8 a1080 bLexile8 aZ bRaz-Plus 0aIndiansxOriginvJuvenile literature. 0aIndiansxHistoryvJuvenile literature. 0aIndiansxAntiquitiesvJuvenile literature. 1aIndiansxOrigin. 1aIndiansxHistory. 1aIndiansxAntiquities.